<?xml version="1.0" encoding="UTF-8"?>
<record
    xmlns:xsi="http://www.w3.org/2001/XMLSchema-instance"
    xsi:schemaLocation="http://www.loc.gov/MARC21/slim http://www.loc.gov/standards/marcxml/schema/MARC21slim.xsd"
    xmlns="http://www.loc.gov/MARC21/slim">

  <leader>04997nam a2200457 i 4500</leader>
  <controlfield tag="001">000028601</controlfield>
  <controlfield tag="003">DO-SdBNP</controlfield>
  <controlfield tag="005">20250501120733.0</controlfield>
  <controlfield tag="007">ta</controlfield>
  <controlfield tag="008">110411t2010    dr ac         001 0 spa d</controlfield>
  <datafield tag="020" ind1=" " ind2=" ">
    <subfield code="a">9789945074048</subfield>
  </datafield>
  <datafield tag="040" ind1=" " ind2=" ">
    <subfield code="a">DO-SdBNP</subfield>
    <subfield code="b">spa</subfield>
    <subfield code="c">BNPHU</subfield>
    <subfield code="e">rda</subfield>
  </datafield>
  <datafield tag="049" ind1=" " ind2=" ">
    <subfield code="a">BNPD</subfield>
  </datafield>
  <datafield tag="082" ind1=" " ind2="4">
    <subfield code="a">868.44</subfield>
    <subfield code="b">G158j</subfield>
    <subfield code="2">22</subfield>
  </datafield>
  <datafield tag="100" ind1="1" ind2=" ">
    <subfield code="a"> Gal&#xED;ndez, Jes&#xFA;s de, </subfield>
    <subfield code="d">1915-1956</subfield>
    <subfield code="9">83901</subfield>
    <subfield code="e">autor</subfield>
  </datafield>
  <datafield tag="245" ind1="1" ind2="0">
    <subfield code="a">Jes&#xFA;s de Gal&#xED;ndez :</subfield>
    <subfield code="b">escritos desde Santo Domingo y art&#xED;culos contra el r&#xE9;gimen de Trujillo en el exterior /</subfield>
    <subfield code="c">Jes&#xFA;s de Gal&#xED;ndez ; compilador, Constancio Cass&#xE1; Bernaldo de Quir&#xF3;s.</subfield>
  </datafield>
  <datafield tag="264" ind1=" " ind2="4">
    <subfield code="a">Santo Domingo :</subfield>
    <subfield code="b">Comisi&#xF3;n Permanente de Efem&#xE9;rides Patrias :</subfield>
    <subfield code="b">Archivo General de la Naci&#xF3;n,</subfield>
    <subfield code="c">&#xA9;2010.</subfield>
  </datafield>
  <datafield tag="300" ind1=" " ind2=" ">
    <subfield code="a">461 p&#xE1;ginas  :</subfield>
    <subfield code="b">ilustraciones, retratos ;</subfield>
    <subfield code="c">23 cm.</subfield>
  </datafield>
  <datafield tag="336" ind1=" " ind2=" ">
    <subfield code="2">rdacontent</subfield>
    <subfield code="a">texto</subfield>
    <subfield code="b">txt</subfield>
  </datafield>
  <datafield tag="337" ind1=" " ind2=" ">
    <subfield code="2">rdamedia</subfield>
    <subfield code="a">sin mediaci&#xF3;n</subfield>
    <subfield code="b">n</subfield>
  </datafield>
  <datafield tag="338" ind1=" " ind2=" ">
    <subfield code="2">rdacarrier</subfield>
    <subfield code="a">volumen</subfield>
    <subfield code="b">nc</subfield>
  </datafield>
  <datafield tag="490" ind1=" " ind2=" ">
    <subfield code="a">Archivo General de la Naci&#xF3;n</subfield>
    <subfield code="v">111</subfield>
  </datafield>
  <datafield tag="500" ind1=" " ind2=" ">
    <subfield code="a">Incluye &#xED;ndice de art&#xED;culos publicados por Gal&#xED;ndez en publicaciones de la &#xE9;poca.</subfield>
  </datafield>
  <datafield tag="500" ind1=" " ind2=" ">
    <subfield code="a">Incluye &#xED;ndice onom&#xE1;stico y cronol&#xF3;gico.</subfield>
  </datafield>
  <datafield tag="500" ind1=" " ind2=" ">
    <subfield code="a">Incluye datos biogr&#xE1;ficos del compilador en la solapa de la contracubierta.</subfield>
  </datafield>
  <datafield tag="504" ind1=" " ind2=" ">
    <subfield code="a">Bibliograf&#xED;a : p. 445-446.</subfield>
  </datafield>
  <datafield tag="505" ind1="0" ind2=" ">
    <subfield code="a">Presentaci&#xF3;n de los libros del 70&#xBA; aniversario del exilio espa&#xF1;ol --</subfield>
    <subfield code="t">Vida y obra de Jes&#xFA;s de Gal&#xED;ndez Su&#xE1;rez /</subfield>
    <subfield code="r">Constancio Cass&#xE1; Bernaldo de Quir&#xF3;s --</subfield>
    <subfield code="g">La guerra :</subfield>
    <subfield code="t">Navidades sangrientas --</subfield>
    <subfield code="t">El coro de cosacos del Don, en Ciudad Trujillo. La canci&#xF3;n del desterrado --</subfield>
    <subfield code="t">El pelotari que muri&#xF3; de amor --</subfield>
    <subfield code="t">Fusilamiento al amanecer --</subfield>
    <subfield code="t">Aviones sobre Madrid --</subfield>
    <subfield code="t">&#xA1;Gernika! En el quinto aniversario de su masacre por la aviaci&#xF3;n germana --</subfield>
    <subfield code="t">Ha muerto un marino --</subfield>
    <subfield code="t">La jira cultural del presidente Aguirre --</subfield>
    <subfield code="t">Tragedia de amor --</subfield>
    <subfield code="t">La quinta columna se bautiz&#xF3; en Madrid. An&#xE9;cdotas y comentarios de una nueva especie jur&#xED;dica --</subfield>
    <subfield code="g">Temas antitrujillistas :</subfield>
    <subfield code="t">Desde Nueva York Jes&#xFA;s de Gal&#xED;ndez define su actitud --</subfield>
    <subfield code="t">Carta de Gal&#xED;ndez sobre art&#xED;culo referente a Gug&#xFA; --</subfield>
    <subfield code="t">Un reportaje sobre Santo Domingo --</subfield>
    <subfield code="t">&#xA1;Gug&#xFA;! --</subfield>
    <subfield code="g">El derecho :</subfield>
    <subfield code="t">Publicaci&#xF3;n e interpretaci&#xF3;n de la leyes 129 --</subfield>
    <subfield code="t">Los problemas actuales del matrimonio y el divorcio ante los conflictos de leyes --</subfield>
    <subfield code="t">El derecho agrario. Nueva rama que se desgaja del derecho civil --</subfield>
    <subfield code="t">La Liga de Naciones Americanas. El proyecto de Trujillo y la conferencia de Bogot&#xE1; --</subfield>
    <subfield code="t">Soberan&#xED;a y libertad. Dos a&#xF1;ejos conceptos absolutos que se relativizan --</subfield>
    <subfield code="t">El panamericanismo de Bol&#xED;var. La Doctrina de Monroe y el Congreso de Panam&#xE1; --</subfield>
    <subfield code="t">Notable caso de divorcio. De un franc&#xE9;s y una colombiana, casados can&#xF3;nicamente en Bogot&#xE1; y reci&#xE9;n divorciados en Ciudad Trujillo --</subfield>
    <subfield code="t">Insistiendo sobre el divorcio. Sentencia de apelaci&#xF3;n que divorcia a un alem&#xE1;n y una haitiana --</subfield>
    <subfield code="t">Repercusiones de un divorcio. La Academia de Jurisprudencia de Colombia informa sobre un caso anteriormente tratado --</subfield>
    <subfield code="t">El quintaculumnismo y las reuniones de cancilleres americano --</subfield>
    <subfield code="t">El m&#xE9;todo en los estudios universitarios --</subfield>
    <subfield code="t">El divorcio de extranjeros en la Rep&#xFA;blica Dominicana --</subfield>
    <subfield code="t">De legislaci&#xF3;n obrera. La nueva ley de salario m&#xED;nimo --</subfield>
    <subfield code="t">De legislaci&#xF3;n obrera. La ley de vacaciones --</subfield>
  </datafield>
  <datafield tag="505" ind1="0" ind2=" ">
    <subfield code="a">Relatos y cuentos--</subfield>
    <subfield code="t">El cementerio de Pere Lachaise. La ciudad Jard&#xED;n de los que fueron, en el bullicio del Par&#xED;s actual --</subfield>
    <subfield code="t">Bordeando el lago Enriquillo --</subfield>
    <subfield code="t">R&#xED;o Ozama, aguas arriba --</subfield>
    <subfield code="t">Cuando la luna riela en Saman&#xE1; --</subfield>
    <subfield code="t">El martes comenzaron las clases --</subfield>
    <subfield code="t">Cinco Leyendas del Tr&#xF3;pico :</subfield>
    <subfield code="t">El Bahoruco. Leyenda del Lago Enriquillo --</subfield>
    <subfield code="t">Tormenta en Haina. Leyenda de las ruinas de Engombe --</subfield>
    <subfield code="t">Beltza, pirata y enamorado. Leyenda de la bah&#xED;a de Saman&#xE1;</subfield>
    <subfield code="t">El precipicio maldito. Leyenda del salto de Jimenoa --</subfield>
    <subfield code="t">Tambores en la manigua. Leyenda del r&#xED;o Ozama --</subfield>
    <subfield code="t">Blak-out en la avenida --</subfield>
    <subfield code="t">El cicl&#xF3;n que no vino --</subfield>
    <subfield code="t">Visi&#xF3;n fugitiva --</subfield>
    <subfield code="t">Amanecer en Sans Souci --</subfield>
    <subfield code="t">Rese&#xF1;as a Obras :</subfield>
    <subfield code="t">Las sociedades comerciales en la Rep&#xFA;blica Dominicana, de Antonio Tellado --</subfield>
    <subfield code="t">La audiencia de Santo domingo. El libro del profesor Malag&#xF3;n y la investigaci&#xF3;n nacional --</subfield>
    <subfield code="t">Temas Vascos :</subfield>
    <subfield code="t">Iparraguirre, el bardo rom&#xE1;ntico --</subfield>
    <subfield code="t">Los vascos en la Rep&#xFA;blica Dominicana --</subfield>
    <subfield code="t">El Irrintzi vasco en la noche tropical --</subfield>
    <subfield code="t">Los vascos en la audiencia de Santo Domingo --</subfield>
    <subfield code="g">&#xCD;ndice de art&#xED;culos publicados --</subfield>
    <subfield code="g">&#xCD;ndice cronol&#xF3;gico --</subfield>
    <subfield code="g">Bibliograf&#xED;a general.</subfield>
  </datafield>
  <datafield tag="590" ind1=" " ind2=" ">
    <subfield code="a">Inventariado, 2024/BT</subfield>
  </datafield>
  <datafield tag="650" ind1=" " ind2="4">
    <subfield code="a">Ensayos espa&#xF1;oles</subfield>
    <subfield code="9">3095</subfield>
  </datafield>
  <datafield tag="650" ind1=" " ind2="4">
    <subfield code="a">Cuentos espa&#xF1;oles</subfield>
    <subfield code="9">3194</subfield>
  </datafield>
  <datafield tag="650" ind1=" " ind2="4">
    <subfield code="a">Literatura espa&#xF1;ola</subfield>
    <subfield code="9">632</subfield>
  </datafield>
  <datafield tag="650" ind1=" " ind2="4">
    <subfield code="a">Derecho</subfield>
    <subfield code="x">Ensayos, conferencias, etc.</subfield>
    <subfield code="9">5703</subfield>
  </datafield>
  <datafield tag="650" ind1=" " ind2="4">
    <subfield code="a">Resistencia civil</subfield>
    <subfield code="x">Ensayos, conferencias, etc.</subfield>
    <subfield code="9">55553</subfield>
  </datafield>
  <datafield tag="650" ind1=" " ind2="4">
    <subfield code="a">Refugiados pol&#xED;ticos espa&#xF1;oles</subfield>
    <subfield code="x">Ensayos, conferencias, etc.</subfield>
    <subfield code="9">55554</subfield>
  </datafield>
  <datafield tag="650" ind1=" " ind2="4">
    <subfield code="a">Vascos en rep&#xFA;blica dominicana</subfield>
    <subfield code="x">Ensayos, conferencias, etc.</subfield>
    <subfield code="9">55555</subfield>
  </datafield>
  <datafield tag="650" ind1=" " ind2="0">
    <subfield code="a">Demograf&#xED;a</subfield>
    <subfield code="9">45443</subfield>
  </datafield>
  <datafield tag="700" ind1="1" ind2=" ">
    <subfield code="a">Cass&#xE1; Bernaldo de Quir&#xF3;s, Constancio,</subfield>
    <subfield code="d">1953-,</subfield>
    <subfield code="e">compilador</subfield>
    <subfield code="9">5204</subfield>
  </datafield>
  <datafield tag="910" ind1=" " ind2=" ">
    <subfield code="a">Validado. Control de calidad EMS.</subfield>
  </datafield>
  <datafield tag="942" ind1=" " ind2=" ">
    <subfield code="2">ddc</subfield>
    <subfield code="c">LBS1</subfield>
  </datafield>
  <datafield tag="952" ind1=" " ind2=" ">
    <subfield code="0">0</subfield>
    <subfield code="1">0</subfield>
    <subfield code="2">ddc</subfield>
    <subfield code="5">6</subfield>
    <subfield code="7">0</subfield>
    <subfield code="8">DS</subfield>
    <subfield code="a">BNPHU</subfield>
    <subfield code="b">BNPHU</subfield>
    <subfield code="c">HD</subfield>
    <subfield code="d">2011-04-11</subfield>
    <subfield code="l">0</subfield>
    <subfield code="o">BNPHU DS 868.44 G158j</subfield>
    <subfield code="p">28601-30</subfield>
    <subfield code="r">2020-06-25</subfield>
    <subfield code="t">e. 3</subfield>
    <subfield code="w">2020-06-25</subfield>
    <subfield code="y">LBS1</subfield>
    <subfield code="Z">Pr&#xE9;stamo en sala</subfield>
  </datafield>
  <datafield tag="952" ind1=" " ind2=" ">
    <subfield code="0">0</subfield>
    <subfield code="1">0</subfield>
    <subfield code="2">ddc</subfield>
    <subfield code="5">1</subfield>
    <subfield code="7">0</subfield>
    <subfield code="8">PD</subfield>
    <subfield code="a">BNPHU</subfield>
    <subfield code="b">BNPHU</subfield>
    <subfield code="c">HD</subfield>
    <subfield code="d">2011-04-11</subfield>
    <subfield code="l">0</subfield>
    <subfield code="o">BNPHU PD 868.44 G158j</subfield>
    <subfield code="p">28601-10</subfield>
    <subfield code="r">2020-06-25</subfield>
    <subfield code="w">2020-06-25</subfield>
    <subfield code="y">LBS1</subfield>
    <subfield code="Z">No se presta</subfield>
  </datafield>
  <datafield tag="952" ind1=" " ind2=" ">
    <subfield code="0">0</subfield>
    <subfield code="1">0</subfield>
    <subfield code="2">ddc</subfield>
    <subfield code="5">1</subfield>
    <subfield code="7">0</subfield>
    <subfield code="8">PD</subfield>
    <subfield code="a">BNPHU</subfield>
    <subfield code="b">BNPHU</subfield>
    <subfield code="c">HD</subfield>
    <subfield code="d">2011-04-11</subfield>
    <subfield code="l">0</subfield>
    <subfield code="o">BNPHU PD 868.44 G158j</subfield>
    <subfield code="p">28601-20</subfield>
    <subfield code="r">2020-06-25</subfield>
    <subfield code="t">e. 2</subfield>
    <subfield code="w">2020-06-25</subfield>
    <subfield code="y">LBS1</subfield>
    <subfield code="Z">No se presta</subfield>
  </datafield>
  <datafield tag="952" ind1=" " ind2=" ">
    <subfield code="0">0</subfield>
    <subfield code="1">0</subfield>
    <subfield code="2">ddc</subfield>
    <subfield code="5">6</subfield>
    <subfield code="7">0</subfield>
    <subfield code="8">DS</subfield>
    <subfield code="a">BNPHU</subfield>
    <subfield code="b">BNPHU</subfield>
    <subfield code="c">HD</subfield>
    <subfield code="d">2024-04-16</subfield>
    <subfield code="e">Donado por la Presidencia de la Rep&#xFA;blica Dominicana 2023.</subfield>
    <subfield code="l">0</subfield>
    <subfield code="o">BNPHU DS 868.44 G158j</subfield>
    <subfield code="p">2024-2288</subfield>
    <subfield code="r">2024-04-16</subfield>
    <subfield code="t">e.4</subfield>
    <subfield code="w">2024-04-16</subfield>
    <subfield code="y">LBS1</subfield>
    <subfield code="z">Perteneci&#xF3; a la biblioteca personal de Emilio Cordero Michel.</subfield>
  </datafield>
  <datafield tag="999" ind1=" " ind2=" ">
    <subfield code="c">28093</subfield>
    <subfield code="d">28093</subfield>
  </datafield>
</record>
